000 00338nam a2200133Ia 4500
005 20260328104305.0
008 260328s9999||||xx |||||||||||||| ||und||
100 _aVivas, Claudio
245 0 _aAnuario de Arquitectura :
_b Venezuela N°2 /
_cClaudio Vivas
260 _bProimagen
300 _a252 p.
650 _aVENEZUELA
942 _cBK
999 _c10728
_d10728